Administrative office management (Record no. 14281)

MARC details
000 -LEADER
fixed length control field 00669nam a22002057a 4500
003 - CONTROL NUMBER IDENTIFIER
control field URS
005 - DATE AND TIME OF LATEST TRANSACTION
control field 20220114171616.0
008 - FIXED-LENGTH DATA ELEMENTS--GENERAL INFORMATION
fixed length control field 170324b xxu||||| |||| 00| 0 eng d
020 ## - INTERNATIONAL STANDARD BOOK NUMBER
International Standard Book Number 0538711272
050 ## - LIBRARY OF CONGRESS CALL NUMBER
Classification number HF5547
Item number K43 1996
100 ## - MAIN ENTRY--PERSONAL NAME
Personal name Keeling, Billy Lewis
Relator code author
245 ## - TITLE STATEMENT
Title Administrative office management
Statement of responsibility, etc. B. Lewis Keeling, Norman F. Kallaus.
250 ## - EDITION STATEMENT
Edition statement Eleventh Edition
260 ## - PUBLICATION, DISTRIBUTION, ETC.
Place of publication, distribution, etc. Cincinnati, Ohio
Name of publisher, distributor, etc. South, Western Education Publishing
Date of publication, distribution, etc. 1996
300 ## - PHYSICAL DESCRIPTION
Extent xi, 701 pages;
Dimensions 23 cm.
504 ## - BIBLIOGRAPHY, ETC. NOTE
Bibliography, etc. note Includes bibliographical references and index.
700 ## - ADDED ENTRY--PERSONAL NAME
Relator code author
Personal name Burnham, Kent R.
700 ## - ADDED ENTRY--PERSONAL NAME
Relator code author
Personal name Kallaus, Norman Francis
942 ## - ADDED ENTRY ELEMENTS (KOHA)
Koha item type Foreign Books
Source of classification or shelving scheme Library of Congress Classification
Holdings
Withdrawn status Source of classification or shelving scheme Damaged status Not for loan Collection code Home library Current library Shelving location Date acquired Total Checkouts Full call number Barcode Date last seen Price effective from Koha item type
  Library of Congress Classification     Non-fiction Binangonan College Library Binangonan College Library Foreign Section 06/07/2023   HF5547 K43 1996 URSBIN-0725 03/11/2016 03/11/2016 Foreign Books
  Library of Congress Classification     Non-fiction Binangonan College Library Binangonan College Library Foreign Section 06/07/2023   HF5547 K43 1996 URSBIN-0726 03/11/2016 03/11/2016 Foreign Books
  Library of Congress Classification     Non-fiction Binangonan College Library Binangonan College Library Foreign Section 06/07/2023   HF5547 K43 1996 URSBIN-0727 03/11/2016 03/11/2016 Foreign Books
  Library of Congress Classification     Non-fiction Binangonan College Library Binangonan College Library Foreign Section 06/07/2023   HF5547 K43 1996 URSBIN-0728 03/11/2016 03/11/2016 Foreign Books
  Library of Congress Classification     Non-fiction Binangonan College Library Binangonan College Library Foreign Section 06/07/2023   HF5547 K43 1996 URSBIN-0729 03/11/2016 03/11/2016 Foreign Books
  Library of Congress Classification       Binangonan College Library Binangonan College Library Foreign Section 04/18/2023   HF 5547 K44 1996 URSBIN-FR2234 04/18/2023 04/18/2023 Foreign Books
  Library of Congress Classification     Non-fiction Tanay College Library Tanay College Library General Stacks 01/12/2015   HF5547 .K43 1996 URSTAN-50 01/12/2015 01/12/2015 Foreign Books
  Library of Congress Classification     Non-fiction Tanay College Library Tanay College Library General Stacks 12/13/2017   HF5547 .K248 1996 URSTAN-N1088 07/26/2022 02/24/2015 Foreign Books

University of Rizal System
Email us at univlibservices@urs.edu.ph

Visit our Website www.urs.edu.ph/library